Japan in the global community (Record no. 1075925)

MARC details
000 -LEADER
fixed length control field 00832nam a2200277Ia 4500
003 - CONTROL NUMBER IDENTIFIER
control field OSt
005 - DATE AND TIME OF LATEST TRANSACTION
control field 20221006143028.0
008 - FIXED-LENGTH DATA ELEMENTS--GENERAL INFORMATION
fixed length control field 221006b |||||||| |||| 00| 0 eng d
020 ## - INTERNATIONAL STANDARD BOOK NUMBER
-- 5.00
037 ## - SOURCE OF ACQUISITION
Terms of availability Textual
040 ## - CATALOGING SOURCE
Original cataloging agency EASL
Transcribing agency EASL
Language of cataloging eng
041 ## - LANGUAGE CODE
Source of code eng
Language code of text/sound track or separate title eng
100 ## - MAIN ENTRY--PERSONAL NAME
Personal name Murakami Yasusuke Ed.
9 (RLIN) 648990
245 #0 - TITLE STATEMENT
Title Japan in the global community
Remainder of title Its role and contribution on the eve of the 21st century
260 ## - PUBLICATION, DISTRIBUTION, ETC.
Place of publication, distribution, etc. Japan
Name of publisher, distributor, etc. Round Table Discussions on Japan in the
Date of publication, distribution, etc. 1986
300 ## - PHYSICAL DESCRIPTION
Extent xvii,210p.
Dimensions cm.
490 ## - SERIES STATEMENT
Volume/sequential designation JEL
650 ## - SUBJECT ADDED ENTRY--TOPICAL TERM
Topical term or geographic name entry element JEL
700 ## - ADDED ENTRY--PERSONAL NAME
Personal name Kosai Yutaka Ed.
9 (RLIN) 648991
942 ## - ADDED ENTRY ELEMENTS (KOHA)
Classification part Y:1:6.1-42.N8, M6
Koha item type Textual
Source of classification or shelving scheme Colon Classification (CC)
Holdings
Withdrawn status Lost status Source of classification or shelving scheme Damaged status Not for loan Home library Current library Date acquired Serial Enumeration / chronology Total Checkouts Full call number Barcode Date last seen Price effective from Koha item type
          Department of East Asian Studies Library Department of East Asian Studies Library 2022-10-06 JEL   Y:1:6.1-42.N8 M6 EA1009205 2022-10-06 2022-10-06 Textual
Copyright @ Delhi University Library System